000 00762nam a22002177a 4500
003 0
005 20250120142937.0
008 160109b xxu||||| |||| 00| 0 eng d
050 _aPHS QK 751
_b.Es74 2015
100 _aEscosar, John Daniel L.
245 _aCorn shoot extract (DIMBOA) on rice plant defense
_cJohn Daniel L. Escosar
260 _aLas PiƱas, Philippines :
_bSouthville International School and Colleges,
_c2015.
300 _aiii, 38 p. :
_bill. ;
_c28 cm.
504 _aIncludes bibliographical references.
650 _aRice
_vDisease and pest resistance.
650 _aCorn
_vExtracts
_xAgricultural use.
650 _aPlant defense mechanisms.
650 _aBiochemical defenses in plants.
650 _aAllelopathy.
942 _2lcc
_cPASS
999 _c289052
_d289052